000 02365nam a22003495a 4500
005 20091210122513.0
008 091120t20092006paua j 001 0 eng
010 _aB-385586-594
020 _a9780440413028
_c163.00
035 _aB-385586-594
037 _bBlueberry Books
040 _adpl
_bEnglish
082 _aS
100 _aSharmat, Marjorie Weinman
245 _aNate the great saves the king of Sweden /
_cby Marjorie Weinman Sharmat ; illustrated by Marc Simont
260 _aNew York
_bYearling Books
_c2006
270 _bNew York
300 _a42, 32 p. :
_bcol. ill.
_c20cm(pbk)
700 _aSimont, Marc
710 _aMason Crest Publishers.
942 _2ddc
_cCH
_hS
_mSHA
999 _c32418
_d32418